| 000 | 00746nam a22002537a 4500 | ||
|---|---|---|---|
| 999 |
_c5284 _d5284 |
||
| 001 | 14833 | ||
| 003 | BD-DhUAP | ||
| 005 | 20201206152734.0 | ||
| 008 | 201206r19962010ii a|||| |||| 001 0 eng d | ||
| 020 | _a9780443045622 | ||
| 020 | _a9788131219560 | ||
| 040 |
_aBD-DhUAP _bEng _cBD-DhUAP _dBD-DhUAP |
||
| 082 |
_223 _a616.07 WAL |
||
| 100 | _aWalter, J. B. | ||
| 245 |
_aWalter and Israel general pathology / _bJ. B. Walter and I. C. Talbot. |
||
| 250 | _a7th ed. | ||
| 260 |
_aEdinburgh : _bChurchill Livingstone, _cc1996 [Reprinted 2010]. |
||
| 300 |
_aviii, 952 pages : _billustrations ; _c28 cm. |
||
| 500 | _aSouth Asia edition. | ||
| 504 | _aIncludes index. | ||
| 650 | _aPathology. | ||
| 700 | _aTalbot, I. C. | ||
| 942 |
_2ddc _cBK |
||